000 01118nam a2200229Ia 4500
003 Ost
005 20260507075554.0
008 260507s9999||||xx |||||||||||||| ||und||
020 _a9774080610
040 _cfsecg
041 _aara
082 _a300
100 _aبرايان، كويل
_eمؤلف
245 0 _aدمج وشراء الشركات /
_c كويل برايان
260 _aالقاهرة:
_bدار الفاروق للنشر و التوزيع,
_c2006
300 _a144 صفحة؛
_bإيضاحات ؛
_c24 سم
490 _aبنكوت
520 _aمقدمة الى عمليات دمج و شراء الشركات و استراتيجيات دمج و شراء الشركات و عمليات الاستيلاء و عملية التقييم و اجراء صفقة استيلاء و كذلك ضوابط عمليات دمج و شراء الشركات و العروض المجحفة ووسائل الدفاع و اجراءات فصل الدمج و فصل الانشطة و المحاسبة و الشراء.
653 _aالشركات
653 _aدمج و شراء شركات
942 _cكتاب
999 _c44949
_d44949